[Event "7th Southwest Class Ch."]
[Site "Dallas"]
[Date "2016.02.12"]
[Round "2.23"]
[White "Gurevich, Daniel"]
[Black "Song, Terry"]
[Result "1/2-1/2"]
[WhiteElo "2477"]
[BlackElo "2200"]
[PlyCount "88"]
[EventDate "2016.02.??"]
[EventType "swiss"]
[EventRounds "9"]
[EventCountry "USA"]

1. d4 Nf6 2. Nf3 g6 3. c4 Bg7 4. Nc3 O-O 5. e4 d6 6. Be2 e5 7. O-O Nc6 8. d5
Ne7 9. b4 Nh5 10. Re1 f5 11. Ng5 Nf6 12. Bf3 c6 13. Qb3 cxd5 14. cxd5 fxe4 15.
Ncxe4 Nxe4 16. Bxe4 h6 17. Ne6 Bxe6 18. dxe6 d5 19. Rd1 Qb6 20. Be3 d4 21. Bd2
Rf6 22. b5 Qxe6 23. Bb4 Bf8 24. Rac1 Qxb3 25. axb3 Rb6 26. Bc5 Rxb5 27. Bd3
Rxc5 28. Rxc5 Nc6 29. Rb5 Rb8 30. Rc1 Bd6 31. Be4 a6 32. Rb6 Bc7 33. Rbxc6 bxc6
34. Rxc6 Bd8 35. Rxa6 Kf8 36. g3 Rxb3 37. Rxg6 Rb6 38. Kg2 Rxg6 39. Bxg6 Ke7
40. Kf3 Kf6 41. Bd3 Ba5 42. Kg4 Be1 43. f3 Bd2 44. Kh5 Be3 1/2-1/2

[Event "7th Southwest Class Ch."]
[Site "Dallas"]
[Date "2016.02.12"]
[Round "2.24"]
[White "Brooks, Curtis"]
[Black "De Jesus, Jeffery"]
[Result "1-0"]
[WhiteElo "2230"]
[BlackElo "2300"]
[PlyCount "53"]
[EventDate "2016.02.??"]
[EventType "swiss"]
[EventRounds "9"]
[EventCountry "USA"]

1. e4 d6 2. d4 Nf6 3. f3 Nbd7 4. Bc4 e5 5. c3 Be7 6. Ne2 c6 7. a4 O-O 8. O-O
Qc7 9. Be3 d5 10. exd5 cxd5 11. Bb3 Bd6 12. dxe5 Nxe5 13. Na3 Nc4 14. Nxc4 dxc4
15. Bc2 Bxh2+ 16. Kf2 Re8 17. Qd4 Qe7 18. g3 Nd5 19. Be4 Nxe3 20. Qxe3 Kh8 21.
Rh1 f5 22. Rxh2 fxe4 23. Rah1 Bf5 24. Nf4 exf3 25. Rxh7+ Kg8 26. Qxe7 Bxh7 27.
Qc5 1-0

[Event "7th Southwest Class Ch."]
[Site "Dallas"]
[Date "2016.02.12"]
[Round "2.25"]
[White "Feinstein, Michael"]
[Black "Guo, Arthur"]
[Result "1/2-1/2"]
[WhiteElo "2163"]
[BlackElo "2010"]
[PlyCount "57"]
[EventDate "2016.02.??"]
[EventType "swiss"]
[EventRounds "9"]
[EventCountry "USA"]

1. d4 Nf6 2. c4 e6 3. Nc3 Bb4 4. a3 Bxc3+ 5. bxc3 c5 6. e3 b6 7. Bd3 Bb7 8. f3
O-O 9. Ne2 Nc6 10. O-O e5 11. Ra2 Qc7 12. d5 Na5 13. Ng3 b5 14. Nf5 Qd8 15. e4
bxc4 16. Bb1 Ne8 17. f4 d6 18. Rf3 Bc8 19. fxe5 dxe5 20. Raf2 Bxf5 21. Rxf5 f6
22. g4 Nd6 23. R5f3 Rb8 24. Bc2 Qd7 25. Rg2 Rf7 26. Qe1 Rbf8 27. Be3 Qc8 28.
Rf1 Qc7 29. Qf2 1/2-1/2

[Event "7th Southwest Class Ch."]
[Site "Dallas"]
[Date "2016.02.12"]
[Round "2.26"]
[White "Johnston, Daniel"]
[Black "Sawyer, Bradley"]
[Result "0-1"]
[WhiteElo "1906"]
[BlackElo "2124"]
[PlyCount "74"]
[EventDate "2016.02.??"]
[EventType "swiss"]
[EventRounds "9"]
[EventCountry "USA"]

1. e4 c5 2. Nf3 d6 3. d4 cxd4 4. Nxd4 Nf6 5. Nc3 a6 6. h3 e5 7. Nde2 Be7 8. g4
h6 9. Bg2 Nbd7 10. Be3 Qc7 11. O-O b5 12. a4 b4 13. Na2 Rb8 14. Qd2 Nc5 15. Ng3
a5 16. Nc1 Bb7 17. f3 d5 18. exd5 Nxd5 19. Nf5 Ne6 20. Nxe7 Nxe7 21. f4 Bxg2
22. Kxg2 Rd8 23. Qf2 exf4 24. Bxf4 Qc6+ 25. Kg1 Nxf4 26. Qxf4 O-O 27. Qf2 f5
28. Qe2 fxg4 29. Rxf8+ Rxf8 30. hxg4 Qc5+ 31. Kg2 Qd4 32. Kg3 Qd6+ 33. Kg2 Ng6
34. Nd3 Nh4+ 35. Kh1 Qg3 36. Rf1 Rxf1+ 37. Qxf1 Nf3 0-1

[Event "7th Southwest Class Ch."]
[Site "Dallas"]
[Date "2016.02.12"]
[Round "2.27"]
[White "Wang, Justin"]
[Black "Dejmek, Mark"]
[Result "1-0"]
[WhiteElo "2118"]
[BlackElo "1978"]
[PlyCount "99"]
[EventDate "2016.02.??"]
[EventType "swiss"]
[EventRounds "9"]
[EventCountry "USA"]

1. e4 c5 2. c3 d6 3. d4 Nf6 4. Bd3 e5 5. d5 Nbd7 6. Ne2 c4 7. Bc2 Be7 8. O-O
O-O 9. Nd2 Qc7 10. Ng3 b6 11. Re1 Re8 12. Ndf1 Bf8 13. Ne3 a6 14. Bd2 b5 15. b3
Nb6 16. Qe2 a5 17. bxc4 bxc4 18. Nef5 h6 19. h3 Bd7 20. Qf3 Qd8 21. Rab1 Na4
22. Nf1 Kh7 23. Bxa4 Bxa4 24. Rb7 Bd7 25. Reb1 Kg8 26. Be3 Bxf5 27. Qxf5 Re7
28. R7b5 Nd7 29. Nd2 Rc8 30. Qf3 g6 31. Qe2 f5 32. Nxc4 Qc7 33. Nxa5 f4 34. Nc6
fxe3 35. Rb7 exf2+ 36. Qxf2 Rf7 37. Rxc7 Rxc7 38. Qe3 Nc5 39. Rb8 Kh7 40. Nd8
Rf6 41. Ne6 Nxe6 42. dxe6 Re7 43. a4 h5 44. a5 Bh6 45. Qb6 Rfxe6 46. Qd8 Be3+
47. Kh2 Kh6 48. h4 Rf7 49. Qh8+ Rh7 50. Qf8+ 1-0

[Event "7th Southwest Class Ch."]
[Site "Dallas"]
[Date "2016.02.12"]
[Round "2.28"]
[White "Yu, Jennifer"]
[Black "Vaidya, Atreya"]
[Result "1-0"]
[WhiteElo "2102"]
[BlackElo "1978"]
[PlyCount "69"]
[EventDate "2016.02.??"]
[EventType "swiss"]
[EventRounds "9"]
[EventCountry "USA"]

1. c4 e6 2. Nc3 d5 3. d4 Nf6 4. cxd5 exd5 5. Bg5 Nbd7 6. e3 Be7 7. Bd3 c6 8.
Qc2 O-O 9. Nf3 Re8 10. O-O Nf8 11. h3 Ne4 12. Bf4 f5 13. Ne5 Bg5 14. Bh2 Qf6
15. Rae1 Qh6 16. Kh1 Ne6 17. f3 Bxe3 18. fxe4 Nxd4 19. Qd1 fxe4 20. Nxe4 dxe4
21. Bc4+ Be6 22. Ng4 Qg6 23. Bxe6+ Qxe6 24. Rxe3 Rad8 25. Qb1 Nf5 26. Re2 Nd4
27. Ree1 Qc4 28. Ne5 Qd5 29. Rxe4 Nb5 30. Rh4 h6 31. Rxh6 gxh6 32. Qg6+ Kh8 33.
Nf7+ Qxf7 34. Rxf7 Re1+ 35. Bg1 1-0

[Event "7th Southwest Class Ch."]
[Site "Dallas"]
[Date "2016.02.12"]
[Round "3.1"]
[White "Brown, Michael"]
[Black "Macieja, Bartlomiej"]
[Result "0-1"]
[WhiteElo "2424"]
[BlackElo "2559"]
[PlyCount "50"]
[EventDate "2016.02.??"]
[EventType "swiss"]
[EventRounds "9"]
[EventCountry "USA"]

1. d4 g6 2. c4 Bg7 3. Nc3 c5 4. d5 Bxc3+ 5. bxc3 f5 6. e4 fxe4 7. f3 e5 8. dxe6
Nc6 9. Qc2 Qh4+ 10. g3 Qe7 11. Bf4 dxe6 12. O-O-O e5 13. Be3 exf3 14. Nxf3 Bg4
15. Bg2 Nf6 16. Bh6 Rd8 17. Rde1 Rd6 18. Nd2 Bf5 19. Qa4 Ng4 20. Be3 Rd3 21.
Bxc6+ bxc6 22. Qxc6+ Kf7 23. Bxc5 Qg5 24. Qb7+ Rd7 25. Qb2 Rb8 0-1

[Event "7th Southwest Class Ch."]
[Site "Dallas"]
[Date "2016.02.12"]
[Round "3.2"]
[White "Sheng, Joshua"]
[Black "Sadorra, Julio"]
[Result "1/2-1/2"]
[WhiteElo "2402"]
[BlackElo "2514"]
[PlyCount "82"]
[EventDate "2016.02.??"]
[EventType "swiss"]
[EventRounds "9"]
[EventCountry "USA"]

1. e4 e6 2. d4 d5 3. Nd2 Be7 4. Bd3 c5 5. dxc5 Nf6 6. Qe2 O-O 7. Ngf3 a5 8. O-O
Na6 9. e5 Nd7 10. c4 Naxc5 11. Bc2 dxc4 12. Nxc4 b5 13. Ncd2 Ba6 14. Re1 b4 15.
Qe3 Qc7 16. b3 Nb6 17. Nd4 f5 18. exf6 Bxf6 19. Bb2 Nd5 20. Qh3 Nf4 21. Qxh7+
Kf7 22. Ne4 Nxe4 23. Qxe4 Rh8 24. h3 Rxh3 25. Nf3 Rah8 26. gxh3 Nxh3+ 27. Kg2
Nf4+ 28. Kg3 Bb7 29. Be5 Rh3+ 30. Kxf4 Bxe4 31. Bxc7 Bxf3 32. Rab1 Bh5 33. Be5
g5+ 34. Ke4 Bg6+ 35. Kd4 Bxc2 36. Rbc1 Rd3+ 37. Kc4 Rd2 38. Bxf6 Kxf6 39. Kb5
Bd3+ 40. Kxa5 Rxa2+ 41. Kxb4 Rxf2 1/2-1/2

[Event "7th Southwest Class Ch."]
[Site "Dallas"]
[Date "2016.02.12"]
[Round "3.3"]
[White "Kiewra, Keaton"]
[Black "Langer, Michael"]
[Result "1/2-1/2"]
[WhiteElo "2428"]
[BlackElo "2198"]
[PlyCount "100"]
[EventDate "2016.02.??"]
[EventType "swiss"]
[EventRounds "9"]
[EventCountry "USA"]

1. d4 Nf6 2. Bg5 Ne4 3. Bf4 d5 4. e3 c5 5. Bd3 Nf6 6. c3 Nc6 7. Nd2 g6 8. Ngf3
Bg7 9. dxc5 Nd7 10. Bc2 Nxc5 11. Nb3 Na4 12. Qc1 e5 13. Bg3 O-O 14. O-O Nb6 15.
e4 Bg4 16. exd5 Bxf3 17. dxc6 Bxc6 18. Na5 Bb5 19. Re1 Qc7 20. Qe3 Rfe8 21. Qe4
Nd7 22. Qd5 Ba6 23. Nb3 Bc4 24. Qf3 Nf6 25. Rad1 Nh5 26. Be4 Nxg3 27. hxg3 Rab8
28. Bd5 Bxd5 29. Rxd5 b6 30. Qd3 Rbd8 31. Rd1 Bf6 32. Qb5 Qc8 33. Nc1 Rxd5 34.
Rxd5 Rd8 35. Nd3 Rxd5 36. Qxd5 Qe8 37. f3 Kg7 38. Nf2 Qd8 39. Qd3 Qxd3 40. Nxd3
Kf8 41. Kf2 Ke7 42. c4 Ke6 43. b4 Be7 44. Ke3 f5 45. b5 Ba3 46. g4 h5 47. g5 h4
48. Ke2 Bd6 49. Ke3 Ba3 50. Ke2 Bd6 1/2-1/2

[Event "7th Southwest Class Ch."]
[Site "Dallas"]
[Date "2016.02.12"]
[Round "3.4"]
[White "Xiong, Jeffery"]
[Black "Mulyar, Michael"]
[Result "1-0"]
[WhiteElo "2588"]
[BlackElo "2408"]
[PlyCount "93"]
[EventDate "2016.02.??"]
[EventType "swiss"]
[EventRounds "9"]
[EventCountry "USA"]

1. e4 e5 2. Nf3 Nc6 3. Bb5 a6 4. Ba4 Nf6 5. O-O Nxe4 6. d4 b5 7. Bb3 d5 8. dxe5
Be6 9. c3 Bc5 10. Qe2 O-O 11. Be3 Bxe3 12. Qxe3 f6 13. Nd4 Nxd4 14. cxd4 fxe5
15. dxe5 Qe7 16. Nc3 Nxc3 17. bxc3 c5 18. Rad1 Rad8 19. f4 a5 20. h3 b4 21. f5
Bxf5 22. Rxd5 Rxd5 23. Bxd5+ Be6 24. Bxe6+ Qxe6 25. Rxf8+ Kxf8 26. Qxc5+ Kg8
27. Qxa5 bxc3 28. Qxc3 Qxa2 29. Qc8+ Kf7 30. Qd7+ Kf8 31. Kh2 Qa1 32. Qd5 Ke7
33. Qb7+ Ke6 34. Qxg7 Qxe5+ 35. Qxe5+ Kxe5 36. Kg3 Kf5 37. Kh4 Kg6 38. Kg4 h6
39. Kf4 Kf6 40. Ke4 Ke6 41. h4 Kf6 42. g3 Kg6 43. g4 Kf6 44. Kd5 h5 45. g5+ Ke7
46. Ke5 Kf7 47. Kd6 1-0

[Event "7th Southwest Class Ch."]
[Site "Dallas"]
[Date "2016.02.12"]
[Round "3.5"]
[White "Indjic, Aleksandar"]
[Black "Vazquez, Guillermo"]
[Result "1/2-1/2"]
[WhiteElo "2562"]
[BlackElo "2400"]
[PlyCount "63"]
[EventDate "2016.02.??"]
[EventType "swiss"]
[EventRounds "9"]
[EventCountry "USA"]

1. d4 e6 2. Nf3 Nf6 3. g3 d5 4. Bg2 b5 5. a4 b4 6. c4 Bb7 7. c5 a5 8. O-O Be7
9. b3 O-O 10. Bb2 Nc6 11. Qc2 Ne4 12. Nfd2 f5 13. f4 Ba6 14. Nf3 g5 15. e3 Bxf1
16. Bxf1 Bf6 17. Nbd2 Kh8 18. Bb5 Ne7 19. Ne5 Bxe5 20. dxe5 Nxd2 21. Qxd2 c6
22. Be2 Rg8 23. Bd4 Qf8 24. Kf2 Qh6 25. Rh1 Ra7 26. h4 gxf4 27. exf4 Qf8 28.
Rh3 Rg7 29. Qe3 Ng8 30. Qd3 Nh6 31. Kg2 Ng4 32. Bxg4 1/2-1/2

[Event "7th Southwest Class Ch."]
[Site "Dallas"]
[Date "2016.02.12"]
[Round "3.6"]
[White "Holt, Conrad"]
[Black "Ruiz, Joshua"]
[Result "1-0"]
[WhiteElo "2542"]
[BlackElo "2371"]
[PlyCount "71"]
[EventDate "2016.02.??"]
[EventType "swiss"]
[EventRounds "9"]
[EventCountry "USA"]

1. d4 Nf6 2. c4 e6 3. Nc3 Bb4 4. Qc2 O-O 5. e4 d5 6. e5 Ne4 7. Bd3 c5 8. Nf3
cxd4 9. Nxd4 Nd7 10. Bf4 Ndc5 11. O-O Bxc3 12. bxc3 Nxd3 13. Qxd3 Nc5 14. Qg3
Ne4 15. Qe3 b6 16. Rfd1 Bb7 17. f3 Nc5 18. Nb5 Qd7 19. Rd4 Kh8 20. Nd6 Qe7 21.
Rad1 Bc6 22. h4 dxc4 23. h5 f5 24. Bg5 Qc7 25. h6 g6 26. Bf6+ Kg8 27. Qg5 b5
28. Be7 a6 29. Bxf8 Rxf8 30. Nc8 Bd5 31. Ne7+ Kh8 32. Nxd5 exd5 33. Rxd5 Ne6
34. Qe3 f4 35. Qf2 Qe7 36. Qb6 1-0

[Event "7th Southwest Class Ch."]
[Site "Dallas"]
[Date "2016.02.12"]
[Round "3.7"]
[White "Li, Ruifing"]
[Black "Gorti, Akshita"]
[Result "1-0"]
[WhiteElo "2483"]
[BlackElo "2242"]
[PlyCount "121"]
[EventDate "2016.02.??"]
[EventType "swiss"]
[EventRounds "9"]
[EventCountry "USA"]

1. e4 e6 2. d4 d5 3. Nd2 Nf6 4. e5 Nfd7 5. Bd3 c5 6. c3 Nc6 7. Ngf3 g6 8. h4 h6
9. Nb1 Bg7 10. Be3 b6 11. Nbd2 Bb7 12. Rc1 a5 13. a4 Ba6 14. Bxa6 Rxa6 15. Nb1
Ne7 16. Na3 Nf5 17. Bf4 h5 18. Bg5 Qb8 19. O-O O-O 20. Qe2 Ra8 21. Nb5 Re8 22.
Rfe1 Nf8 23. g3 Qb7 24. Nh2 Nh7 25. Bf4 Qe7 26. Qd2 Rad8 27. Nf1 Rd7 28. Ne3
Red8 29. Nxf5 exf5 30. dxc5 bxc5 31. Nd6 Qe6 32. Rcd1 Rc7 33. Qxd5 Nf8 34. Bg5
Rb8 35. Qxe6 Nxe6 36. Nc4 Ra7 37. Rd5 Bf8 38. Red1 Rbb7 39. f4 Kg7 40. Bf6+ Kh7
41. Bd8 Nxd8 42. Rxd8 Be7 43. R8d2 Kg8 44. Kf2 Kf8 45. Re1 Ra6 46. Re3 Kg8 47.
Ke2 Kf8 48. Kd1 Kg8 49. Red3 Raa7 50. Na3 Kf8 51. Nb5 Ra8 52. Rd7 Rxd7 53. Rxd7
Rd8 54. Rxd8+ Bxd8 55. Ke2 Ke7 56. Kd3 Kd7 57. Kc4 Kc6 58. Nd6 f6 59. Nf7 Be7
60. Nh8 fxe5 61. Nxg6 1-0

[Event "7th Southwest Class Ch."]
[Site "Dallas"]
[Date "2016.02.12"]
[Round "3.8"]
[White "Liang, Awonder"]
[Black "Gurevich, Daniel"]
[Result "1-0"]
[WhiteElo "2379"]
[BlackElo "2477"]
[PlyCount "77"]
[EventDate "2016.02.??"]
[EventType "swiss"]
[EventRounds "9"]
[EventCountry "USA"]

1. e4 c6 2. Nc3 d5 3. Nf3 Nf6 4. e5 Ne4 5. h3 Nxc3 6. dxc3 Bf5 7. Nd4 Be4 8. f3
Bg6 9. h4 h5 10. Bd3 Bxd3 11. Qxd3 c5 12. Ne2 e6 13. c4 dxc4 14. Qxc4 Nc6 15.
f4 Qb6 16. O-O O-O-O 17. Be3 Qb4 18. Qxb4 Nxb4 19. Rfc1 Be7 20. a3 Nd5 21. Bf2
f6 22. c4 Nb6 23. exf6 gxf6 24. b4 Na4 25. Nc3 Nb2 26. Re1 cxb4 27. Nb5 b3 28.
Rxe6 Rd1+ 29. Rxd1 Nxd1 30. Rxe7 Rd8 31. Bxa7 Rd7 32. Re8+ Rd8 33. Re1 Rd7 34.
Re8+ Rd8 35. Rxd8+ Kxd8 36. a4 b2 37. Na3 Nc3 38. Bb6+ Kd7 39. Ba5 1-0

[Event "7th Southwest Class Ch."]
[Site "Dallas"]
[Date "2016.02.12"]
[Round "3.9"]
[White "Baryshpolets, Andrey"]
[Black "Niremann, Hans"]
[Result "1-0"]
[WhiteElo "2548"]
[BlackElo "2320"]
[PlyCount "79"]
[EventDate "2016.02.??"]
[EventType "swiss"]
[EventRounds "9"]
[EventCountry "USA"]

1. d4 Nf6 2. c4 g6 3. g3 Bg7 4. Bg2 d5 5. cxd5 Nxd5 6. Nf3 O-O 7. O-O Nc6 8.
Nc3 Nb6 9. e3 Re8 10. a3 a5 11. d5 Nb8 12. Nd4 Bd7 13. h3 c6 14. e4 cxd5 15.
exd5 Na6 16. Bf4 Rc8 17. Rc1 Nc4 18. b3 Nxa3 19. Be3 a4 20. Nxa4 Rxc1 21. Qxc1
Nb5 22. Nxb5 Bxb5 23. Rd1 Bxa4 24. bxa4 Qd7 25. Qc4 Be5 26. Qb5 Qxb5 27. axb5
Nc7 28. d6 Bxd6 29. b6 Ne6 30. Bxb7 Rb8 31. Bg2 Nc5 32. Rc1 Nb3 33. Rc3 Na5 34.
Bh6 e6 35. b7 f6 36. Rd3 Be7 37. Rd7 Kf7 38. Be3 Ke8 39. Rc7 Bd6 40. Rxh7 1-0

[Event "7th Southwest Class Ch."]
[Site "Dallas"]
[Date "2016.02.12"]
[Round "3.10"]
[White "Aponte, Felix"]
[Black "Wang, Justin"]
[Result "1-0"]
[WhiteElo "2409"]
[BlackElo "2118"]
[PlyCount "79"]
[EventDate "2016.02.??"]
[EventType "swiss"]
[EventRounds "9"]
[EventCountry "USA"]

1. c4 Nf6 2. Nc3 e6 3. e4 d5 4. e5 d4 5. exf6 dxc3 6. bxc3 Qxf6 7. d4 e5 8. Nf3
Nc6 9. Nxe5 Nxe5 10. Qe2 Bg4 11. f3 Bxf3 12. gxf3 Qxf3 13. Qxe5+ Be7 14. Kd2
Qxh1 15. Ba3 O-O 16. Bxe7 Rfe8 17. Re1 Rxe7 18. Qxe7 Qxh2+ 19. Qe2 Qxe2+ 20.
Rxe2 Kf8 21. Bg2 Rb8 22. c5 b6 23. cxb6 axb6 24. Kd3 h5 25. c4 Rd8 26. c5 bxc5
27. d5 Ra8 28. Rb2 Ra4 29. Rb7 Rxa2 30. Be4 c4+ 31. Ke3 Ke7 32. Rxc7+ Kf6 33.
d6 Ra3+ 34. Kd4 Ra1 35. Bd5 Rd1+ 36. Kc5 c3 37. Rxf7+ Kg6 38. Rf3 c2 39. Be4+
Kg5 40. Bxc2 1-0

[Event "7th Southwest Class Ch."]
[Site "Dallas"]
[Date "2016.02.12"]
[Round "3.11"]
[White "Hilby, Craig"]
[Black "Yu, Jennifer"]
[Result "1-0"]
[WhiteElo "2347"]
[BlackElo "2102"]
[PlyCount "99"]
[EventDate "2016.02.??"]
[EventType "swiss"]
[EventRounds "9"]
[EventCountry "USA"]

1. e4 c5 2. Nf3 d6 3. d4 cxd4 4. Nxd4 Nf6 5. Nc3 a6 6. Be3 e5 7. Nf3 Be7 8. Bc4
O-O 9. O-O Nc6 10. Re1 b5 11. Bf1 Rb8 12. Bg5 Ng4 13. Bc1 Nf6 14. Bg5 Ng4 15.
Bc1 Nf6 16. h3 b4 17. Nd5 Nxd5 18. exd5 Na5 19. b3 Qc7 20. a3 bxa3 21. Rxa3 Bf5
22. Bd3 Bxd3 23. Qxd3 Nb7 24. b4 a5 25. c3 Ra8 26. Bd2 h6 27. Rea1 f5 28. Qb5
Rfb8 29. Qc6 Rc8 30. Qxc7 Rxc7 31. bxa5 Ra6 32. Rb1 Bd8 33. c4 Rf7 34. Rb5 Kf8
35. Ne1 Nc5 36. Bb4 Rfa7 37. Bxc5 dxc5 38. Nd3 Rxa5 39. Rbxa5 Rxa5 40. Rxa5
Bxa5 41. Nxe5 Ke8 42. Nd3 Bb6 43. Kf1 Ke7 44. Ke2 Kd6 45. Kf3 Ba5 46. h4 g6 47.
h5 g5 48. g4 fxg4+ 49. Kxg4 Bc3 50. Kf5 1-0

[Event "7th Southwest Class Ch."]
[Site "Dallas"]
[Date "2016.02.12"]
[Round "3.12"]
[White "Panchanathan, Vignesh"]
[Black "Githoro, Mbugua"]
[Result "1-0"]
[WhiteElo "2339"]
[BlackElo "2042"]
[PlyCount "105"]
[EventDate "2016.02.??"]
[EventType "swiss"]
[EventRounds "9"]
[EventCountry "USA"]

1. d4 e6 2. Nf3 f5 3. Nc3 Nf6 4. Bf4 Bb4 5. a3 Bxc3+ 6. bxc3 b6 7. g3 Bb7 8.
Bg2 O-O 9. O-O d6 10. Re1 Qe8 11. Qd3 Nbd7 12. Qc4 Bd5 13. Qa4 Ne5 14. Qxe8
Nxf3+ 15. Bxf3 Raxe8 16. Bxd5 exd5 17. f3 h6 18. Kf2 g5 19. Bd2 Kg7 20. Rab1 a6
21. a4 Rb8 22. Rb2 Rfe8 23. Reb1 Re6 24. Rb4 a5 25. Rb5 Rbe8 26. Re1 Kg6 27.
Rbb1 h5 28. h4 g4 29. Rb5 gxf3 30. exf3 Rxe1 31. Bxe1 Rb8 32. Bd2 Re8 33. Bg5
Re6 34. Be3 Kf7 35. c4 dxc4 36. Rxf5 c6 37. d5 cxd5 38. Bxb6 Kg6 39. Rg5+ Kf7
40. Bd4 Re7 41. Rf5 Re6 42. g4 hxg4 43. fxg4 Kg6 44. h5+ Nxh5 45. Rxh5 Re4 46.
Rxd5 Rxg4 47. Rxd6+ Kf5 48. Kf3 Rf4+ 49. Ke3 Re4+ 50. Kd2 Rh4 51. Kc3 Rh8 52.
Rd5+ Ke4 53. Re5+ 1-0

[Event "7th Southwest Class Ch."]
[Site "Dallas"]
[Date "2016.02.12"]
[Round "3.13"]
[White "Gu, Christopher"]
[Black "Brooks, Curtis"]
[Result "1-0"]
[WhiteElo "2150"]
[BlackElo "2230"]
[PlyCount "93"]
[EventDate "2016.02.??"]
[EventType "swiss"]
[EventRounds "9"]
[EventCountry "USA"]

1. Nf3 Nf6 2. c4 e6 3. g3 d5 4. Bg2 c6 5. b3 Nbd7 6. Bb2 Bd6 7. d4 Qc7 8. Nc3
O-O 9. O-O dxc4 10. bxc4 e5 11. e3 exd4 12. exd4 Rd8 13. Qc2 Bf8 14. Bc1 Qa5
15. c5 b6 16. Bd2 Qa6 17. Ne5 bxc5 18. Nxc6 Bb7 19. Nxd8 Bxg2 20. Kxg2 cxd4 21.
Nb5 Rxd8 22. Nxd4 Ne5 23. Be3 Qb7+ 24. f3 Neg4 25. Bg1 Nd5 26. Rfe1 Rd6 27.
Rab1 Qa8 28. Qe4 Ngf6 29. Qe5 Ng4 30. Qe8 Rd8 31. Qc6 Ngf6 32. Qxa8 Rxa8 33.
Rb7 a6 34. Nc6 Rc8 35. Rc1 Re8 36. Rc2 h6 37. Rb8 Re1 38. Rd8 g6 39. Bc5 Ne3+
40. Bxe3 Rxe3 41. Ra8 Ra3 42. Rd2 Kg7 43. Ra7 Bc5 44. Rb7 Ne8 45. Nd8 Nd6 46.
Ne6+ Kf6 47. Nxc5 1-0

[Event "7th Southwest Class Ch."]
[Site "Dallas"]
[Date "2016.02.12"]
[Round "3.15"]
[White "Toolin, Christopher"]
[Black "Serna, Jeffery"]
[Result "1/2-1/2"]
[WhiteElo "2241"]
[BlackElo "2009"]
[PlyCount "120"]
[EventDate "2016.02.??"]
[EventType "swiss"]
[EventRounds "9"]
[EventCountry "USA"]

1. d4 Nf6 2. c4 e6 3. Nf3 Bb4+ 4. Nbd2 O-O 5. a3 Bxd2+ 6. Qxd2 b6 7. e3 Bb7 8.
Be2 d5 9. b3 Nbd7 10. O-O Rc8 11. a4 c5 12. Ba3 Re8 13. cxd5 Bxd5 14. Qb2 cxd4
15. Nxd4 Nc5 16. Bb5 Re7 17. Rad1 Qc7 18. f3 a6 19. Be2 Rd7 20. Rc1 Qd8 21. a5
Bb7 22. axb6 Rd5 23. Rc2 Ncd7 24. Rfc1 Nxb6 25. Rxc8 Nxc8 26. Qc3 h6 27. Qb4
Rd7 28. Nc6 Bxc6 29. Rxc6 Ne7 30. Rxa6 Ned5 31. Qc5 Qb8 32. b4 Rb7 33. b5 Nd7
34. Qd4 Rxb5 35. Bxb5 Qxb5 36. Ra8+ Kh7 37. Bb2 N7f6 38. Kf2 Qb3 39. h3 Qc2+
40. Kg3 Qc7+ 41. f4 Qc2 42. Kh2 h5 43. Ra7 h4 44. Ra1 Qg6 45. Qd2 Qg3+ 46. Kg1
Qxe3+ 47. Qxe3 Nxe3 48. Kf2 Nf5 49. Kf3 Nd5 50. Ra8 Nb4 51. Rb8 Nd5 52. Rf8 Kg6
53. Rh8 Nde7 54. Bc3 Nd5 55. Be1 Nd4+ 56. Ke4 Nf5 57. Bxh4 Nc3+ 58. Kf3 Nd4+
59. Kf2 Nf5 60. Bd8 Ne4+ {Game eventually drawn (insufficient material)}
1/2-1/2

[Event "7th Southwest Class Ch."]
[Site "Dallas"]
[Date "2016.02.12"]
[Round "3.16"]
[White "Sawyer, Bradley"]
[Black "Prilleltensky, Matan"]
[Result "1-0"]
[WhiteElo "2124"]
[BlackElo "2232"]
[PlyCount "153"]
[EventDate "2016.02.??"]
[EventType "swiss"]
[EventRounds "9"]
[EventCountry "USA"]

1. c4 e5 2. g3 c6 3. Bg2 Nf6 4. d4 e4 5. Nc3 d5 6. Bg5 Be7 7. Bxf6 Bxf6 8. e3
Be6 9. Nge2 Bg5 10. h4 Bh6 11. Nf4 Bxf4 12. gxf4 Qd7 13. Qh5 O-O 14. f3 f5 15.
Qg5 Na6 16. fxe4 fxe4 17. O-O-O Nb4 18. Qg3 Nd3+ 19. Kb1 b5 20. c5 Bf5 21. Ne2
Rae8 22. Nc1 Qe6 23. Bh3 Rf7 24. Bxf5 Qxf5 25. Rd2 Re6 26. h5 Rfe7 27. Rg2 Rf7
28. Ne2 Rh6 29. Qh4 Qf6 30. Rg5 Qe7 31. Rhg1 Kf8 32. Ng3 Rhf6 33. Qh3 Qd7 34.
Qxd7 Rxd7 35. Nf5 Rff7 36. h6 g6 37. Nd6 Rf6 38. f5 Kg8 39. fxg6 Rxg6 40. Rxg6+
hxg6 41. Rxg6+ Kh7 42. Rg7+ Rxg7 43. hxg7 a6 44. Nc8 Kxg7 45. Ne7 Nb4 46. a3
Kf6 47. Nc8 Nd3 48. Na7 Ne1 49. Kc1 b4 50. Nxc6 bxa3 51. bxa3 Ke6 52. Kd2 Nd3
53. Ne5 Nf2 54. Ke1 Nh3 55. a4 Ng5 56. Nc6 Nf7 57. Nb4 a5 58. Nc6 Nh6 59. Nxa5
Ng4 60. Ke2 Kd7 61. Nb7 Kc6 62. Nd6 Nf6 63. a5 Kc7 64. a6 Kb8 65. c6 Kc7 66. a7
Kxc6 67. a8=Q+ Kxd6 68. Qb8+ Ke6 69. Qe5+ Kf7 70. Qf5 Ke7 71. Kf2 Kf7 72. Kg3
Ke7 73. Kf4 Ng8 74. Ke5 Ke8 75. Qe6+ Kf8 76. Qxd5 Kg7 77. Qxg8+ 1-0

[Event "7th Southwest Class Ch."]
[Site "Dallas"]
[Date "2016.02.12"]
[Round "3.17"]
[White "Green, Austin"]
[Black "Andrenko, Iryana"]
[Result "0-1"]
[WhiteElo "2054"]
[BlackElo "2217"]
[PlyCount "126"]
[EventDate "2016.02.??"]
[EventType "swiss"]
[EventRounds "9"]
[EventCountry "USA"]

1. e4 c5 2. Nf3 e6 3. d4 cxd4 4. Nxd4 Nc6 5. Nc3 Qc7 6. Be3 a6 7. Qd2 Nf6 8.
O-O-O Bb4 9. f3 Ne7 10. Nde2 b5 11. Kb1 Rb8 12. g4 d6 13. Bg5 Bc5 14. Bf4 e5
15. g5 Nd7 16. Be3 Nb6 17. Ng3 Be6 18. Bxc5 dxc5 19. Qd6 Qxd6 20. Rxd6 O-O 21.
Be2 b4 22. Nd1 Rfd8 23. Rxd8+ Rxd8 24. Ne3 a5 25. Rd1 Rxd1+ 26. Bxd1 Ng6 27.
Be2 Nf4 28. Bf1 g6 29. h4 Kf8 30. b3 Ke7 31. Kb2 Kd6 32. c3 a4 33. Nc2 bxc3+
34. Kxc3 axb3 35. axb3 Nd7 36. Ne3 Nb8 37. Bb5 Nc6 38. Bxc6 Kxc6 39. Ng4 Bxg4
40. fxg4 Ng2 41. h5 Ne3 42. Kd3 Nxg4 43. Ke2 Kb5 44. Kf3 Nh2+ 45. Kg2 Ng4 46.
Kf3 Nh2+ 47. Kg2 Kb4 48. hxg6 hxg6 49. Kxh2 Kxb3 50. Ne2 Kc2 51. Kg2 Kd3 52.
Nc1+ Kxe4 53. Kf2 c4 54. Ne2 Kf5 55. Ke3 Kxg5 56. Ke4 Kg4 57. Kxe5 Kf3 58. Nd4+
Ke3 59. Nc2+ Kd2 60. Nd4 Kd3 61. Nc6 c3 62. Nb4+ Kd2 63. Kf6 c2 0-1

[Event "7th Southwest Class Ch."]
[Site "Dallas"]
[Date "2016.02.12"]
[Round "3.19"]
[White "Haskin, Zachary"]
[Black "Furfine, Jacob"]
[Result "0-1"]
[WhiteElo "2004"]
[BlackElo "2181"]
[PlyCount "84"]
[EventDate "2016.02.??"]
[EventType "swiss"]
[EventRounds "9"]
[EventCountry "USA"]

1. e4 c5 2. Nf3 e6 3. d4 cxd4 4. Nxd4 Nf6 5. Nc3 d6 6. Be3 a6 7. f3 b5 8. Qd2
Bb7 9. O-O-O Nbd7 10. g4 Nb6 11. Qf2 Nfd7 12. h4 Rc8 13. Rg1 Rxc3 14. bxc3 Na4
15. c4 bxc4 16. Bxc4 d5 17. Bb3 Ba3+ 18. Kb1 Nc3+ 19. Ka1 Qc7 20. Bd2 Nxd1 21.
Rxd1 O-O 22. exd5 Bxd5 23. Qe3 Bxb3 24. Qxb3 Bc5 25. c3 Rb8 26. Qa4 Qb7 27. Qc2
Bxd4 28. cxd4 Qxf3 29. Rb1 Rxb1+ 30. Kxb1 Qb7+ 31. Kc1 Nf6 32. g5 Nd5 33. Qc5
f6 34. Qd6 Kf7 35. h5 Qc7+ 36. Qxc7+ Nxc7 37. Kc2 Nd5 38. Kb3 f5 39. Ka4 f4 40.
Ka5 f3 41. Be1 Nc3 42. a3 Nb5 0-1